| 000 | 00730cam a22002531 4500 | ||
|---|---|---|---|
| 001 | 21982 | ||
| 003 | BD-RjUL | ||
| 005 | 20211209000743.0 | ||
| 008 | 140306s1957 enk b 001 0 eng d | ||
| 035 | _a(BD-RjUL)22047 | ||
| 035 | _a(OCoLC)400579 | ||
| 040 |
_aDLC _cODaWU _dOCoLC _dDLC _dBD-RjUL _beng |
||
| 041 | _aeng | ||
| 082 | 0 | 0 |
_a914.29 _bWAL 1957 |
| 245 | 1 | 0 |
_aWales : _bA Physical, Historical and Regional Geography / _cEd. by E. G. Bowen, |
| 260 |
_aLondon : _bMethuen, _c1957 |
||
| 300 |
_a528 p. ; _c24cm. |
||
| 504 | _aIncludes bibliographies. and Index | ||
| 651 | 0 |
_aWales _xDescription and travel. _945879 |
|
| 700 | 1 |
_aBowen, E. G _967885 |
|
| 942 |
_2ddc _cBK |
||
| 999 |
_c21982 _d21982 |
||